00535nam a2200193Ia 4500008004100000041001200041082001200053100004500065245004200110260003500152300000800187365000800195520001400203546001200217630004200229650001400271655001400285730004200299101110s9999 xx 000 0 und d aENGLISH bSR26892 aBalachandran S., Raja K.C.R., Nair B.K. aEthics, Indian : ethos and management c2003bShroff Pub., Navi Mumbai a215 b125 aSociology aENGLISH aEthics, Indian : ethos and management aSociology aSociology aEthics, Indian : ethos and management